Countries Beginning with "S" and Ending with "A" - Statistics

General Stats
  • This quiz has been taken 80 times
  • The average score is 8 of 11
Answer Stats
Country % Correct
Slovakia
88%
Slovenia
88%
Somalia
86%
South Africa
79%
Samoa
77%
Serbia
77%
South Korea
77%
Syria
73%
Saint Lucia
70%
Saudi Arabia
68%
Sri Lanka
64%
No matching quizzes found
Score Distribution
Percent of People with Each Score
Percentile by Number Answered
Your Score History
You have not taken this quiz